[Event "MEX ol U16"]
[Site "Mexico City"]
[Date "2001.??.??"]
[Round "?"]
[White "Alonso Baez, Luis"]
[Black "Ponce Cervantes, Jesus"]
[Result "1/2-1/2"]
[WhiteElo "1394"]
[BlackElo "1466"]
[PlyCount "81"]
[EventDate "2001.??.??"]
[EventType "swiss"]
[EventRounds "6"]
[EventCountry "MEX"]
[SourceTitle "EXT 2004"]
[Source "ChessBase"]
[SourceDate "2003.11.25"]
[SourceVersion "1"]
[SourceVersionDate "2003.11.25"]
[SourceQuality "1"]

1. e4 c5 2. Nf3 d6 3. d4 cxd4 4. Nxd4 Nf6 5. Nc3 g6 6. Bc4 Bg7 7. Be3 0-0 8. f3 Qb6 9. Bb3 Qd8 10. Qd2 Nc6 11. 0-0-0 Bd7 12. h4 a5 13. a4 Rb8 14. Ndb5 Ne5 15. Qe2 Bxb5 16. Nxb5 Ned7 17. g4 Qc8 18. h5 Nc5 19. Bxc5 Qxc5 20. hxg6 hxg6 21. Qd2 Qe5 22. Qh2 Qc5 23. Qd2 Rfc8 24. Qd4 Qg5+ 25. Qd2 Qe5 26. Qh2 Qc5 27. Kb1 Nd7 28. Qh7+ Kf8 29. Rd5 Qb4 30. Rd4 Qc5 31. Rd5 Qf2 32. Qh3 Nc5 33. Qf1 Qe3 34. Qe1 Qxf3 35. Rxc5 Rxc5 36. Rf1 Qxg4 37. Rxf7+ Ke8 38. Rxg7 Kd7 39. Nd4 Re5 40. Bd5 g5 41. Nf5 1/2-1/2